<?xml version="1.0" encoding="UTF-8"?>
<record
    xmlns:xsi="http://www.w3.org/2001/XMLSchema-instance"
    xsi:schemaLocation="http://www.loc.gov/MARC21/slim http://www.loc.gov/standards/marcxml/schema/MARC21slim.xsd"
    xmlns="http://www.loc.gov/MARC21/slim">

  <leader>01322nam0a22003011  4500</leader>
  <controlfield tag="001">rc\4675212</controlfield>
  <controlfield tag="005">20250612150930.0</controlfield>
  <datafield tag="021" ind1=" " ind2=" ">
    <subfield code="a">RU</subfield>
    <subfield code="b">[64-78563]</subfield>
  </datafield>
  <datafield tag="035" ind1=" " ind2=" ">
    <subfield code="a">(NLR Aleph) 008704781</subfield>
  </datafield>
  <datafield tag="090" ind1=" " ind2=" ">
    <subfield code="a">9321160</subfield>
    <subfield code="c">9321160</subfield>
  </datafield>
  <datafield tag="100" ind1=" " ind2=" ">
    <subfield code="a">20130416d1964    |||y0rusy50      ca</subfield>
  </datafield>
  <datafield tag="101" ind1="0" ind2=" ">
    <subfield code="a">rus</subfield>
  </datafield>
  <datafield tag="102" ind1=" " ind2=" ">
    <subfield code="a">RU</subfield>
  </datafield>
  <datafield tag="105" ind1=" " ind2=" ">
    <subfield code="a">a   bg  |||||</subfield>
  </datafield>
  <datafield tag="200" ind1="1" ind2=" ">
    <subfield code="a">&#x41F;&#x43E;&#x434;&#x448;&#x438;&#x43F;&#x43D;&#x438;&#x43A;&#x438; &#x43A;&#x430;&#x447;&#x435;&#x43D;&#x438;&#x44F;</subfield>
    <subfield code="e">&#x41A;&#x430;&#x442;&#x430;&#x43B;&#x43E;&#x433;-&#x441;&#x43F;&#x440;&#x430;&#x432;&#x43E;&#x447;&#x43D;&#x438;&#x43A;</subfield>
    <subfield code="f">&#x426;&#x435;&#x43D;&#x442;&#x440;. &#x438;&#x43D;-&#x442; &#x43D;&#x430;&#x443;&#x447;.-&#x442;&#x435;&#x445;&#x43D;. &#x438;&#x43D;&#x444;&#x43E;&#x440;&#x43C;&#x430;&#x446;&#x438;&#x438; &#x43F;&#x43E; &#x430;&#x432;&#x442;&#x43E;&#x43C;&#x430;&#x442;&#x438;&#x437;&#x430;&#x446;&#x438;&#x438; &#x438; &#x43C;&#x430;&#x448;&#x438;&#x43D;&#x43E;&#x441;&#x442;&#x440;&#x43E;&#x435;&#x43D;&#x438;&#x44E;. &#x413;&#x43E;&#x441;. &#x43A;&#x43E;&#x43C;. &#x43F;&#x43E; &#x43C;&#x430;&#x448;&#x438;&#x43D;&#x43E;&#x441;&#x442;&#x440;&#x43E;&#x435;&#x43D;&#x438;&#x44E; &#x43F;&#x440;&#x438; &#x413;&#x43E;&#x441;&#x43F;&#x43B;&#x430;&#x43D;&#x435; &#x421;&#x421;&#x421;&#x420;</subfield>
  </datafield>
  <datafield tag="210" ind1=" " ind2=" ">
    <subfield code="a">&#x41C;&#x43E;&#x441;&#x43A;&#x432;&#x430;</subfield>
    <subfield code="c">&#x411;. &#x438;.</subfield>
    <subfield code="d">1964</subfield>
  </datafield>
  <datafield tag="215" ind1=" " ind2=" ">
    <subfield code="a">395 &#x441;.</subfield>
    <subfield code="c">&#x438;&#x43B;.</subfield>
    <subfield code="d">27</subfield>
  </datafield>
  <datafield tag="225" ind1="1" ind2=" ">
    <subfield code="a">&#x421;&#x435;&#x440;&#x438;&#x44F; &#x41E;&#x421;-X</subfield>
  </datafield>
  <datafield tag="300" ind1=" " ind2=" ">
    <subfield code="a">&#x412; &#x432;&#x44B;&#x43F;. &#x434;&#x430;&#x43D;. &#x441;&#x43E;&#x441;&#x442;.: &#x434;-&#x440; &#x442;&#x435;&#x445;&#x43D;. &#x43D;&#x430;&#x443;&#x43A; &#x421;&#x43F;&#x438;&#x446;&#x44B;&#x43D; &#x41D;.&#x410;., &#x414;&#x43E;&#x431;&#x440;&#x43E;&#x431;&#x43E;&#x440;&#x441;&#x43A;&#x438;&#x439; &#x421;.&#x410;., &#x41A;&#x43E;&#x440;&#x43E;&#x441;&#x442;&#x438;&#x448;&#x435;&#x432;&#x441;&#x43A;&#x438;&#x439; &#x420;.&#x412;. &#x438; &#x434;&#x440;.</subfield>
  </datafield>
  <datafield tag="606" ind1=" " ind2=" ">
    <subfield code="a">&#x41F;&#x43E;&#x434;&#x448;&#x438;&#x43F;&#x43D;&#x438;&#x43A;&#x438; &#x43A;&#x430;&#x447;&#x435;&#x43D;&#x438;&#x44F;</subfield>
    <subfield code="j">&#x41A;&#x430;&#x442;&#x430;&#x43B;&#x43E;&#x433;&#x438;-&#x441;&#x43F;&#x440;&#x430;&#x432;&#x43E;&#x447;&#x43D;&#x438;&#x43A;&#x438;</subfield>
    <subfield code="2">psbo</subfield>
  </datafield>
  <datafield tag="702" ind1=" " ind2="1">
    <subfield code="a">&#x414;&#x43E;&#x431;&#x440;&#x43E;&#x431;&#x43E;&#x440;&#x441;&#x43A;&#x438;&#x439;</subfield>
    <subfield code="b">&#x421;.&#x410;.</subfield>
    <subfield code="4">220</subfield>
  </datafield>
  <datafield tag="702" ind1=" " ind2="1">
    <subfield code="a">&#x41A;&#x43E;&#x440;&#x43E;&#x441;&#x442;&#x438;&#x448;&#x435;&#x432;&#x441;&#x43A;&#x438;&#x439;</subfield>
    <subfield code="b">&#x420;.&#x412;.</subfield>
    <subfield code="4">220</subfield>
  </datafield>
  <datafield tag="702" ind1=" " ind2="1">
    <subfield code="a">&#x421;&#x43F;&#x438;&#x446;&#x44B;&#x43D;</subfield>
    <subfield code="b">&#x41D;.&#x410;.</subfield>
    <subfield code="g">&#x41D;&#x438;&#x43A;&#x43E;&#x43B;&#x430;&#x439; &#x410;&#x43B;&#x435;&#x43A;&#x441;&#x430;&#x43D;&#x434;&#x440;&#x43E;&#x432;&#x438;&#x447;</subfield>
    <subfield code="4">220</subfield>
  </datafield>
  <datafield tag="801" ind1=" " ind2="0">
    <subfield code="a">RU</subfield>
    <subfield code="b">NLR</subfield>
    <subfield code="g">psbo</subfield>
  </datafield>
  <datafield tag="801" ind1=" " ind2="1">
    <subfield code="a">RU</subfield>
    <subfield code="b">ELAR</subfield>
    <subfield code="2">rusmarc</subfield>
  </datafield>
  <datafield tag="852" ind1=" " ind2=" ">
    <subfield code="a">NLR</subfield>
    <subfield code="j">&#x41F;&#x442; 36.62/80</subfield>
  </datafield>
  <datafield tag="942" ind1=" " ind2=" ">
    <subfield code="c">BOOK</subfield>
  </datafield>
  <datafield tag="980" ind1=" " ind2=" ">
    <subfield code="a">NB</subfield>
  </datafield>
  <datafield tag="995" ind1=" " ind2=" ">
    <subfield code="5">2013-10-26</subfield>
    <subfield code="b">NLR01</subfield>
    <subfield code="c">NLR01</subfield>
    <subfield code="e">NTD</subfield>
    <subfield code="f">8704781-10</subfield>
    <subfield code="k">&#x41F;&#x442; 36.62/80</subfield>
    <subfield code="o">0</subfield>
    <subfield code="r">BOOK</subfield>
    <subfield code="s">_366280</subfield>
  </datafield>
</record>
